[Event "DEM U14 2023"]
[Site "Willingen GER"]
[Date "2023.06.01"]
[Round "7"]
[White "Dyachuk, Artem"]
[Black "Neuhoff, Laertes"]
[Result "1-0"]
[Termination "normal"]
[Board "5"]
[WhiteTitle "FM"]
[WhiteElo "2312"]
[BlackElo "2109"]
[WhiteClock "00:23:30"]
[BlackClock "00:06:54"]
[PlyCount "145"]
[WhiteFideId "34107924"]
[BlackFideId "16279719"]
[EventCountry "GER"]
[EventRounds "9"]
[EventType "swiss"]
[EventDate "2023.05.27"]

1. e4 {[%clk 01:30:59]} c5 {[%clk 01:30:52]} {[%emt 00:00:08]} 2. Nf3 {[%clk
01:31:26]} {[%emt 00:00:04]} Nc6 {[%clk 01:31:13]} {[%emt 00:00:10]} 3. Bb5
{[%clk 01:31:52]} {[%emt 00:00:03]} g6 {[%clk 01:30:36]} {[%emt 00:01:06]} 4.
O-O {[%clk 01:32:13]} {[%emt 00:00:10]} Bg7 {[%clk 01:30:56]} {[%emt 00:00:10]}
5. c3 {[%clk 01:32:31]} {[%emt 00:00:12]} Nf6 {[%clk 01:30:51]} {[%emt
00:00:34]} 6. Re1 {[%clk 01:32:48]} {[%emt 00:00:13]} O-O {[%clk 01:24:52]}
{[%emt 00:06:28]} 7. d4 {[%clk 01:32:03]} {[%emt 00:01:16]} cxd4 {[%clk
01:15:56]} {[%emt 00:09:26]} 8. cxd4 {[%clk 01:31:59]} {[%emt 00:00:34]} d6
{[%clk 01:12:38]} {[%emt 00:03:48]} 9. Nc3 {[%clk 01:26:34]} {[%emt 00:05:56]}
a6 {[%clk 01:07:29]} {[%emt 00:05:39]} 10. Bxc6 {[%clk 01:09:27]} {[%emt
00:17:36]} bxc6 {[%clk 01:06:18]} {[%emt 00:01:41]} 11. e5 {[%clk 01:09:54]}
{[%emt 00:00:03]} Nd5 {[%clk 00:56:55]} {[%emt 00:09:54]} 12. Qa4 {[%clk
01:01:57]} {[%emt 00:08:27]} Bd7 {[%clk 00:44:01]} {[%emt 00:13:24]} 13. Qa3
{[%clk 01:00:47]} {[%emt 00:01:40]} Nxc3 {[%clk 00:40:07]} {[%emt 00:04:23]}
14. bxc3 {[%clk 01:00:31]} {[%emt 00:00:46]} Bg4 {[%clk 00:37:22]} {[%emt
00:03:15]} 15. exd6 {[%clk 00:55:46]} {[%emt 00:05:16]} exd6 {[%clk 00:36:24]}
{[%emt 00:01:27]} 16. Bg5 {[%clk 00:54:42]} {[%emt 00:01:34]} Qd7 {[%clk
00:30:07]} {[%emt 00:06:47]} 17. Be7 {[%clk 00:50:39]} {[%emt 00:04:33]} Bxf3
{[%clk 00:28:47]} {[%emt 00:01:50]} 18. gxf3 {[%clk 00:51:01]} {[%emt
00:00:08]} Rfe8 {[%clk 00:24:20]} {[%emt 00:04:58]} 19. Bxd6 {[%clk 00:50:28]}
{[%emt 00:01:02]} Qf5 {[%clk 00:23:06]} {[%emt 00:01:44]} 20. Rxe8+ {[%clk
00:37:24]} {[%emt 00:13:35]} Rxe8 {[%clk 00:23:19]} {[%emt 00:00:16]} 21. Kg2
{[%clk 00:37:21]} {[%emt 00:00:33]} h5 {[%clk 00:21:42]} {[%emt 00:02:07]} 22.
Qc5 {[%clk 00:27:39]} {[%emt 00:10:12]} Qxc5 {[%clk 00:13:27]} {[%emt
00:08:45]} 23. Bxc5 {[%clk 00:24:31]} {[%emt 00:03:38]} Bf8 {[%clk 00:12:28]}
{[%emt 00:01:29]} 24. Bxf8 {[%clk 00:09:13]} {[%emt 00:15:49]} Kxf8 {[%clk
00:12:32]} {[%emt 00:00:26]} 25. Rb1 {[%clk 00:09:38]} {[%emt 00:00:05]} Re2
{[%clk 00:05:21]} {[%emt 00:07:40]} 26. Rb6 {[%clk 00:10:04]} {[%emt 00:00:05]}
Rxa2 {[%clk 00:05:28]} {[%emt 00:00:23]} 27. Rxc6 {[%clk 00:10:30]} {[%emt
00:00:05]} Rc2 {[%clk 00:05:07]} {[%emt 00:00:51]} 28. Kg3 {[%clk 00:04:07]}
{[%emt 00:06:53]} a5 {[%clk 00:03:25]} {[%emt 00:02:12]} 29. Kf4 {[%clk
00:01:17]} {[%emt 00:03:20]} a4 {[%clk 00:03:34]} {[%emt 00:00:21]} 30. Ra6
{[%clk 00:00:47]} {[%emt 00:01:00]} Rxc3 {[%clk 00:03:49]} {[%emt 00:00:15]}
31. Rxa4 {[%clk 00:01:12]} {[%emt 00:00:04]} f6 {[%clk 00:02:08]} {[%emt
00:02:12]} 32. Ke4 {[%clk 00:01:25]} {[%emt 00:00:17]} Rc7 {[%clk 00:02:14]}
{[%emt 00:00:24]} 33. Kd5 {[%clk 00:01:07]} {[%emt 00:00:48]} Ke7 {[%clk
00:02:16]} {[%emt 00:00:28]} 34. Ra6 {[%clk 00:01:30]} {[%emt 00:00:07]} Rd7+
{[%clk 00:02:35]} {[%emt 00:00:11]} 35. Kc5 {[%clk 00:01:54]} {[%emt 00:00:05]}
Rc7+ {[%clk 00:02:09]} {[%emt 00:00:56]} 36. Rc6 {[%clk 00:02:09]} {[%emt
00:00:15]} Ra7 {[%clk 00:01:42]} {[%emt 00:00:58]} 37. Rb6 {[%clk 00:01:00]}
{[%emt 00:01:39]} Rc7+ {[%clk 00:01:26]} {[%emt 00:00:45]} 38. Kd5 {[%clk
00:01:26]} {[%emt 00:00:05]} Rd7+ {[%clk 00:01:40]} {[%emt 00:00:16]} 39. Ke4
{[%clk 00:01:26]} {[%emt 00:00:29]} Ra7 {[%clk 00:01:34]} {[%emt 00:00:37]} 40.
h4 {[%clk 00:00:43]} {[%emt 00:01:13]} Ra4 {[%clk 00:00:46]} {[%emt 00:01:18]}
41. Rb7+ {[%clk 00:00:48]} {[%emt 00:00:24]} Ke6 {[%clk 00:00:52]} {[%emt
00:00:24]} 42. Rg7 {[%clk 00:24:18]} {[%emt 00:06:59]} f5+ {[%clk 00:28:02]}
{[%emt 00:03:21]} 43. Kf4 {[%clk 00:24:37]} {[%emt 00:00:12]} Kf6 {[%clk
00:23:30]} {[%emt 00:05:01]} 44. Rd7 {[%clk 00:24:57]} {[%emt 00:00:10]} Ra6
{[%clk 00:16:46]} {[%emt 00:07:14]} 45. Rc7 {[%clk 00:24:15]} {[%emt 00:01:12]}
Rb6 {[%clk 00:16:14]} {[%emt 00:01:02]} 46. Rc4 {[%clk 00:24:21]} {[%emt
00:00:24]} Rd6 {[%clk 00:15:48]} {[%emt 00:00:55]} 47. Ra4 {[%clk 00:24:27]}
{[%emt 00:00:25]} Rd5 {[%clk 00:11:11]} {[%emt 00:05:07]} 48. Ra6+ {[%clk
00:24:25]} {[%emt 00:00:33]} Kg7 {[%clk 00:09:58]} {[%emt 00:01:42]} 49. Ke3
{[%clk 00:24:39]} {[%emt 00:00:16]} Rb5 {[%clk 00:07:16]} {[%emt 00:03:13]} 50.
Rd6 {[%clk 00:24:07]} {[%emt 00:01:02]} Rb3+ {[%clk 00:06:40]} {[%emt
00:01:06]} 51. Kf4 {[%clk 00:24:09]} {[%emt 00:00:27]} Rb1 {[%clk 00:06:22]}
{[%emt 00:00:48]} 52. Rc6 {[%clk 00:23:45]} {[%emt 00:00:54]} Re1 {[%clk
00:05:20]} {[%emt 00:01:32]} 53. d5 {[%clk 00:23:12]} {[%emt 00:01:04]} Rd1
{[%clk 00:05:02]} {[%emt 00:00:47]} 54. Ke5 {[%clk 00:23:05]} {[%emt 00:00:36]}
Re1+ {[%clk 00:05:24]} {[%emt 00:00:08]} 55. Kd6 {[%clk 00:23:26]} {[%emt
00:00:10]} Kf7 {[%clk 00:04:55]} {[%emt 00:00:59]} 56. Kc7 {[%clk 00:23:18]}
{[%emt 00:00:38]} Re7+ {[%clk 00:03:31]} {[%emt 00:01:54]} 57. Kb6 {[%clk
00:23:21]} {[%emt 00:00:27]} Re2 {[%clk 00:03:37]} {[%emt 00:00:24]} 58. d6
{[%clk 00:21:40]} {[%emt 00:02:11]} Rxf2 {[%clk 00:03:01]} {[%emt 00:01:06]}
59. Kc7 {[%clk 00:20:45]} {[%emt 00:01:25]} Rd2 {[%clk 00:03:26]} {[%emt
00:00:05]} 60. Rc1 {[%clk 00:20:54]} {[%emt 00:00:21]} g5 {[%clk 00:02:46]}
{[%emt 00:01:11]} 61. hxg5 {[%clk 00:20:16]} {[%emt 00:01:08]} f4 {[%clk
00:02:47]} {[%emt 00:00:29]} 62. d7 {[%clk 00:19:57]} {[%emt 00:00:48]} Kg6
{[%clk 00:03:11]} {[%emt 00:00:05]} 63. d8=Q {[%clk 00:19:40]} {[%emt
00:00:48]} Rxd8 {[%clk 00:03:35]} {[%emt 00:00:07]} 64. Kxd8 {[%clk 00:20:03]}
{[%emt 00:00:06]} Kxg5 {[%clk 00:03:41]} {[%emt 00:00:23]} 65. Rh1 {[%clk
00:20:22]} {[%emt 00:00:12]} Kf5 {[%clk 00:03:55]} {[%emt 00:00:15]} 66. Ke7
{[%clk 00:20:40]} {[%emt 00:00:13]} Ke5 {[%clk 00:04:21]} {[%emt 00:00:05]} 67.
Rxh5+ {[%clk 00:21:03]} {[%emt 00:00:06]} Kd4 {[%clk 00:04:46]} {[%emt
00:00:05]} 68. Kf6 {[%clk 00:21:30]} {[%emt 00:00:04]} Ke3 {[%clk 00:05:13]}
{[%emt 00:00:03]} 69. Rh3 {[%clk 00:21:55]} {[%emt 00:00:04]} Kf2 {[%clk
00:05:38]} {[%emt 00:00:04]} 70. Kg5 {[%clk 00:22:20]} {[%emt 00:00:06]} Kg2
{[%clk 00:06:05]} {[%emt 00:00:03]} 71. Kg4 {[%clk 00:22:44]} {[%emt 00:00:06]}
Kf2 {[%clk 00:06:28]} {[%emt 00:00:07]} 72. Kxf4 {[%clk 00:23:09]} {[%emt
00:00:06]} Kg2 {[%clk 00:06:54]} {[%emt 00:00:03]} 73. Rh8 {[%clk 00:23:30]}
{[%emt 00:00:09]} 1-0

[Event "DEM U14 2023"]
[Site "Willingen GER"]
[Date "2023.06.01"]
[Round "7"]
[White "Haubold, Christian Lucas"]
[Black "Korchynskyi, Mykola"]
[Result "1/2-1/2"]
[Termination "normal"]
[Board "6"]
[WhiteElo "1949"]
[BlackElo "2126"]
[WhiteClock "00:01:05"]
[BlackClock "00:04:54"]
[PlyCount "69"]
[WhiteFideId "16259629"]
[BlackFideId "34138005"]
[EventCountry "GER"]
[EventRounds "9"]
[EventType "swiss"]
[EventDate "2023.05.27"]

1. e4 {[%clk 01:30:57]} {[%emt 00:00:01]} c5 {[%clk 01:30:53]} {[%emt
00:00:08]} 2. Nf3 {[%clk 01:31:15]} {[%emt 00:00:12]} d6 {[%clk 01:31:18]}
{[%emt 00:00:06]} 3. d4 {[%clk 01:31:28]} {[%emt 00:00:16]} cxd4 {[%clk
01:31:43]} {[%emt 00:00:05]} 4. Nxd4 {[%clk 01:31:43]} {[%emt 00:00:15]} Nf6
{[%clk 01:32:01]} {[%emt 00:00:12]} 5. Nc3 {[%clk 01:31:49]} {[%emt 00:00:24]}
a6 {[%clk 01:32:24]} {[%emt 00:00:08]} 6. Be3 {[%clk 01:29:19]} {[%emt
00:02:59]} e5 {[%clk 01:32:40]} {[%emt 00:00:14]} 7. Nb3 {[%clk 01:29:36]}
{[%emt 00:00:13]} Be7 {[%clk 01:32:59]} {[%emt 00:00:10]} 8. h3 {[%clk
01:29:40]} {[%emt 00:00:26]} h6 {[%clk 01:32:34]} {[%emt 00:00:55]} 9. Be2
{[%clk 01:20:46]} {[%emt 00:09:24]} Nbd7 {[%clk 01:31:01]} {[%emt 00:02:04]}
10. O-O {[%clk 01:17:52]} {[%emt 00:03:24]} b5 {[%clk 01:25:36]} {[%emt
00:05:55]} 11. a4 {[%clk 01:13:06]} {[%emt 00:05:16]} b4 {[%clk 01:25:46]}
{[%emt 00:00:20]} 12. Nd5 {[%clk 01:13:16]} {[%emt 00:00:21]} Bb7 {[%clk
01:21:41]} {[%emt 00:04:35]} 13. Nxe7 {[%clk 01:05:27]} {[%emt 00:08:17]} Qxe7
{[%clk 01:20:12]} {[%emt 00:01:59]} 14. f3 {[%clk 01:04:21]} {[%emt 00:01:36]}
a5 {[%clk 01:13:52]} {[%emt 00:06:50]} 15. Bb5 {[%clk 00:54:45]} {[%emt
00:10:06]} O-O {[%clk 01:12:19]} {[%emt 00:02:03]} 16. Qd2 {[%clk 00:48:13]}
{[%emt 00:07:02]} Rfd8 {[%clk 01:04:41]} {[%emt 00:08:08]} 17. Rfd1 {[%clk
00:43:34]} {[%emt 00:05:10]} Nc5 {[%clk 01:02:27]} {[%emt 00:02:44]} 18. Nxa5
{[%clk 00:39:22]} {[%emt 00:04:41]} Ncxe4 {[%clk 00:42:04]} {[%emt 00:20:54]}
19. fxe4 {[%clk 00:38:13]} {[%emt 00:01:38]} Rxa5 {[%clk 00:42:27]} {[%emt
00:00:07]} 20. Bb6 {[%clk 00:36:24]} {[%emt 00:02:19]} Nxe4 {[%clk 00:42:51]}
{[%emt 00:00:06]} 21. Qxb4 {[%clk 00:35:54]} {[%emt 00:01:01]} Raa8 {[%clk
00:42:20]} {[%emt 00:01:01]} 22. a5 {[%clk 00:25:53]} {[%emt 00:10:31]} Rab8
{[%clk 00:35:55]} {[%emt 00:06:54]} 23. a6 {[%clk 00:17:23]} {[%emt 00:09:00]}
Ba8 {[%clk 00:35:10]} {[%emt 00:01:15]} 24. Bxd8 {[%clk 00:16:45]} {[%emt
00:01:08]} Qxd8 {[%clk 00:35:17]} {[%emt 00:00:23]} 25. a7 {[%clk 00:14:06]}
{[%emt 00:03:08]} Qb6+ {[%clk 00:34:59]} {[%emt 00:00:49]} 26. Kh2 {[%clk
00:14:16]} {[%emt 00:00:19]} Rc8 {[%clk 00:34:11]} {[%emt 00:01:19]} 27. Ra6
{[%clk 00:09:30]} {[%emt 00:05:16]} Qf2 {[%clk 00:32:59]} {[%emt 00:01:42]} 28.
Bc6 {[%clk 00:07:08]} {[%emt 00:02:52]} Qf4+ {[%clk 00:24:43]} {[%emt
00:08:46]} 29. Kg1 {[%clk 00:07:24]} {[%emt 00:00:12]} Qe3+ {[%clk 00:23:21]}
{[%emt 00:01:54]} 30. Kh1 {[%clk 00:05:36]} {[%emt 00:02:13]} Rxc6 {[%clk
00:21:15]} {[%emt 00:02:41]} 31. Ra3 {[%clk 00:02:55]} {[%emt 00:03:11]} Rb6
{[%clk 00:13:03]} {[%emt 00:08:42]} 32. Qc4 {[%clk 00:01:36]} {[%emt 00:01:49]}
Qc5 {[%clk 00:08:02]} {[%emt 00:05:31]} 33. Qxc5 {[%clk 00:01:08]} {[%emt
00:00:58]} Nxc5 {[%clk 00:06:05]} {[%emt 00:02:26]} 34. Rc3 {[%clk 00:01:05]}
{[%emt 00:00:33]} Kh7 {[%clk 00:04:54]} {[%emt 00:01:42]} 35. Rc4 {[%emt
00:01:22]} 1/2-1/2

[Event "DEM U14 2023"]
[Site "Willingen GER"]
[Date "2023.06.01"]
[Round "7"]
[White "Chugunov, Ivan"]
[Black "Haubold, Sebastian Marcel"]
[Result "1/2-1/2"]
[Termination "normal"]
[Board "8"]
[WhiteElo "1670"]
[BlackElo "2092"]
[WhiteClock "00:01:48"]
[BlackClock "00:00:51"]
[PlyCount "77"]
[WhiteFideId "16256808"]
[BlackFideId "16259637"]
[EventCountry "GER"]
[EventRounds "9"]
[EventType "swiss"]
[EventDate "2023.05.27"]

1. d4 {[%clk 01:30:49]} {[%emt 00:00:10]} Nf6 {[%clk 01:30:45]} {[%emt
00:00:16]} 2. Nf3 {[%clk 01:31:11]} {[%emt 00:00:07]} g6 {[%clk 01:31:10]}
{[%emt 00:00:05]} 3. g3 {[%clk 01:31:29]} {[%emt 00:00:11]} Bg7 {[%clk
01:31:34]} {[%emt 00:00:07]} 4. Bg2 {[%clk 01:31:53]} {[%emt 00:00:06]} c5
{[%clk 01:31:59]} {[%emt 00:00:06]} 5. dxc5 {[%clk 01:28:29]} {[%emt 00:03:53]}
Qa5+ {[%clk 01:31:49]} {[%emt 00:00:40]} 6. c3 {[%clk 01:28:46]} {[%emt
00:00:13]} Qxc5 {[%clk 01:31:29]} {[%emt 00:00:50]} 7. Be3 {[%clk 01:28:44]}
{[%emt 00:00:32]} Qc7 {[%clk 01:26:34]} {[%emt 00:05:25]} 8. O-O {[%clk
01:28:04]} {[%emt 00:01:10]} O-O {[%clk 01:24:09]} {[%emt 00:02:55]} 9. Nbd2
{[%clk 01:22:40]} {[%emt 00:05:54]} Nc6 {[%clk 01:16:05]} {[%emt 00:08:34]} 10.
Nb3 {[%clk 01:17:00]} {[%emt 00:06:10]} d6 {[%clk 01:08:44]} {[%emt 00:07:50]}
11. a4 {[%clk 01:15:21]} {[%emt 00:02:10]} Ng4 {[%clk 01:02:18]} {[%emt
00:06:55]} 12. Bg5 {[%clk 01:12:46]} {[%emt 00:03:05]} h6 {[%clk 00:55:44]}
{[%emt 00:07:05]} 13. Bd2 {[%clk 01:10:49]} {[%emt 00:02:27]} Nge5 {[%clk
00:53:14]} {[%emt 00:02:59]} 14. Nxe5 {[%clk 01:06:05]} {[%emt 00:05:14]} Nxe5
{[%clk 00:51:25]} {[%emt 00:02:20]} 15. Nd4 {[%clk 01:05:13]} {[%emt 00:01:22]}
Nc4 {[%clk 00:43:43]} {[%emt 00:08:12]} 16. Bc1 {[%clk 00:59:39]} {[%emt
00:06:03]} a6 {[%clk 00:38:39]} {[%emt 00:05:34]} 17. b3 {[%clk 00:54:19]}
{[%emt 00:05:50]} Na5 {[%clk 00:38:02]} {[%emt 00:01:07]} 18. Bb2 {[%clk
00:52:03]} {[%emt 00:02:46]} e5 {[%clk 00:37:20]} {[%emt 00:01:11]} 19. Nf3
{[%clk 00:46:03]} {[%emt 00:06:30]} Be6 {[%clk 00:34:23]} {[%emt 00:03:28]} 20.
c4 {[%clk 00:45:13]} {[%emt 00:01:20]} Qb6 {[%clk 00:30:07]} {[%emt 00:04:47]}
21. Nd2 {[%clk 00:44:59]} {[%emt 00:00:43]} Rfd8 {[%clk 00:24:44]} {[%emt
00:07:37]} 22. e4 {[%clk 00:44:14]} Nc6 {[%clk 00:22:29]} {[%emt 00:02:16]} 23.
Bc3 {[%clk 00:38:29]} {[%emt 00:06:15]} a5 {[%clk 00:22:12]} {[%emt 00:00:48]}
24. Kh1 {[%clk 00:36:57]} {[%emt 00:02:01]} Nd4 {[%clk 00:18:32]} {[%emt
00:04:10]} 25. Rb1 {[%emt 00:01:26]} h5 {[%clk 00:15:31]} {[%emt 00:03:28]} 26.
Nf3 {[%clk 00:27:05]} {[%emt 00:09:29]} Bg4 {[%clk 00:07:27]} {[%emt 00:08:35]}
27. h3 {[%clk 00:26:52]} {[%emt 00:00:42]} Nxf3 {[%clk 00:05:44]} {[%emt
00:02:13]} 28. hxg4 {[%clk 00:26:42]} {[%emt 00:00:40]} hxg4 {[%clk 00:05:51]}
{[%emt 00:00:24]} 29. Bxf3 {[%clk 00:26:52]} {[%emt 00:00:20]} gxf3 {[%clk
00:06:15]} {[%emt 00:00:06]} 30. Qxf3 {[%clk 00:27:09]} {[%emt 00:00:13]} Bh6
{[%clk 00:04:28]} {[%emt 00:02:17]} 31. Kg2 {[%clk 00:27:01]} {[%emt 00:00:38]}
Kg7 {[%clk 00:04:08]} {[%emt 00:00:50]} 32. Rh1 {[%clk 00:25:42]} {[%emt
00:01:48]} Rh8 {[%clk 00:04:07]} {[%emt 00:00:31]} 33. Rbd1 {[%clk 00:13:14]}
{[%emt 00:12:58]} Bg5 {[%clk 00:03:07]} {[%emt 00:01:31]} 34. Rxh8 {[%clk
00:12:54]} {[%emt 00:00:49]} Rxh8 {[%clk 00:03:28]} {[%emt 00:00:09]} 35. Rd5
{[%clk 00:13:05]} {[%emt 00:00:19]} Qc6 {[%clk 00:01:23]} {[%emt 00:02:36]} 36.
Qg4 {[%clk 00:11:26]} {[%emt 00:02:08]} Bd8 {[%clk 00:01:26]} {[%emt 00:00:27]}
37. f4 {[%clk 00:07:29]} {[%emt 00:04:27]} Qb6 {[%clk 00:01:02]} {[%emt
00:00:54]} 38. Rxd6 {[%clk 00:01:36]} {[%emt 00:06:23]} Rh2+ {[%clk 00:00:51]}
{[%emt 00:00:42]} 39. Kxh2 {[%clk 00:01:48]} {[%emt 00:00:18]} 1/2-1/2

[Event "DEM U14 2023"]
[Site "Willingen GER"]
[Date "2023.06.01"]
[Round "7"]
[White "Weber, Nikita"]
[Black "Dordevic, Tom"]
[Result "0-1"]
[Termination "normal"]
[Board "9"]
[WhiteElo "1531"]
[BlackElo "2068"]
[WhiteClock "00:06:10"]
[BlackClock "00:03:51"]
[PlyCount "92"]
[WhiteFideId "34608770"]
[BlackFideId "16260503"]
[EventCountry "GER"]
[EventRounds "9"]
[EventType "swiss"]
[EventDate "2023.05.27"]

1. d4 {[%clk 01:30:58]} {[%emt 00:00:02]} Nf6 {[%clk 01:30:56]} {[%emt
00:00:05]} 2. c4 {[%clk 01:31:24]} {[%emt 00:00:03]} e6 {[%clk 01:31:22]}
{[%emt 00:00:04]} 3. Nc3 {[%clk 01:31:51]} {[%emt 00:00:03]} d5 {[%clk
01:31:48]} {[%emt 00:00:03]} 4. cxd5 {[%clk 01:32:19]} {[%emt 00:00:03]} exd5
{[%clk 01:32:14]} {[%emt 00:00:04]} 5. Bg5 {[%clk 01:32:44]} {[%emt 00:00:05]}
Be7 {[%clk 01:32:38]} {[%emt 00:00:06]} 6. e3 {[%clk 01:33:11]} {[%emt
00:00:03]} h6 {[%clk 01:33:02]} {[%emt 00:00:06]} 7. Bxf6 {[%clk 01:32:33]}
{[%emt 00:01:08]} Bxf6 {[%clk 01:33:26]} {[%emt 00:00:06]} 8. Bd3 {[%clk
01:30:50]} {[%emt 00:02:13]} O-O {[%clk 01:33:19]} {[%emt 00:00:37]} 9. Nge2
{[%clk 01:29:46]} {[%emt 00:01:34]} Re8 {[%clk 01:31:59]} {[%emt 00:01:51]} 10.
O-O {[%clk 01:28:44]} {[%emt 00:01:32]} c6 {[%clk 01:30:32]} {[%emt 00:01:56]}
11. Qc2 {[%clk 01:25:24]} {[%emt 00:03:49]} Nd7 {[%clk 01:26:03]} {[%emt
00:05:00]} 12. Nf4 {[%clk 01:18:33]} {[%emt 00:07:22]} Nf8 {[%clk 01:22:33]}
{[%emt 00:03:59]} 13. Rfd1 {[%clk 01:12:38]} {[%emt 00:06:24]} Ne6 {[%clk
01:12:31]} {[%emt 00:10:33]} 14. Nxe6 {[%clk 01:12:34]} {[%emt 00:00:34]} Bxe6
{[%clk 01:12:54]} {[%emt 00:00:07]} 15. b4 {[%clk 01:07:45]} {[%emt 00:05:18]}
Rc8 {[%clk 01:05:54]} {[%emt 00:07:31]} 16. Rac1 {[%clk 01:06:13]} {[%emt
00:02:02]} g6 {[%clk 00:48:07]} {[%emt 00:18:17]} 17. Na4 {[%clk 00:54:25]}
{[%emt 00:12:18]} b6 {[%clk 00:43:50]} {[%emt 00:04:47]} 18. Qb1 {[%clk
00:47:46]} {[%emt 00:07:10]} Qd6 {[%clk 00:40:17]} {[%emt 00:04:02]} 19. Rd2
{[%clk 00:46:41]} {[%emt 00:01:35]} Red8 {[%clk 00:37:00]} {[%emt 00:03:47]}
20. Rdc2 {[%clk 00:42:59]} {[%emt 00:04:12]} Kg7 {[%clk 00:30:38]} {[%emt
00:06:52]} 21. Rc3 {[%clk 00:35:07]} {[%emt 00:08:22]} Be7 {[%clk 00:24:50]}
{[%emt 00:06:18]} 22. a3 {[%clk 00:33:47]} {[%emt 00:01:50]} Bd7 {[%clk
00:23:25]} {[%emt 00:01:56]} 23. Qb3 {[%clk 00:30:40]} {[%emt 00:03:36]} h5
{[%clk 00:19:10]} {[%emt 00:04:45]} 24. Qc2 {[%clk 00:27:14]} {[%emt 00:03:56]}
Qf6 {[%clk 00:17:47]} {[%emt 00:01:53]} 25. Qb3 {[%clk 00:21:18]} {[%emt
00:06:26]} Bd6 {[%clk 00:15:37]} {[%emt 00:02:41]} 26. b5 {[%clk 00:18:11]}
{[%emt 00:03:36]} Bb8 {[%clk 00:09:37]} {[%emt 00:06:30]} 27. bxc6 {[%clk
00:13:34]} {[%emt 00:05:07]} Bxc6 {[%clk 00:07:22]} {[%emt 00:02:45]} 28. Bb5
{[%clk 00:12:34]} {[%emt 00:01:30]} Bb7 {[%clk 00:07:38]} {[%emt 00:00:14]} 29.
Rxc8 {[%clk 00:12:46]} {[%emt 00:00:18]} Bxc8 {[%clk 00:07:58]} {[%emt
00:00:10]} 30. Qd1 {[%clk 00:09:20]} {[%emt 00:03:56]} Qd6 {[%clk 00:07:02]}
{[%emt 00:01:26]} 31. g3 {[%clk 00:09:28]} {[%emt 00:00:22]} Qxa3 {[%clk
00:07:14]} {[%emt 00:00:19]} 32. Nc3 {[%clk 00:07:45]} {[%emt 00:02:12]} Bg4
{[%clk 00:06:24]} {[%emt 00:01:20]} 33. f3 {[%clk 00:07:26]} {[%emt 00:00:49]}
Bxf3 {[%clk 00:06:19]} {[%emt 00:00:35]} 34. Qd2 {[%clk 00:06:54]} {[%emt
00:01:03]} Rc8 {[%clk 00:05:17]} {[%emt 00:01:32]} 35. Kf2 {[%clk 00:06:49]}
{[%emt 00:00:34]} Be4 {[%clk 00:04:50]} {[%emt 00:00:57]} 36. Bd7 {[%clk
00:06:07]} {[%emt 00:01:12]} Rc7 {[%clk 00:04:24]} {[%emt 00:00:57]} 37. Be8
{[%clk 00:05:52]} {[%emt 00:00:44]} Qe7 {[%clk 00:04:12]} {[%emt 00:00:42]} 38.
Nxe4 {[%clk 00:05:30]} {[%emt 00:00:51]} Qxe8 {[%clk 00:03:23]} {[%emt
00:01:20]} 39. Rxc7 {[%clk 00:05:52]} {[%emt 00:00:08]} Bxc7 {[%clk 00:03:52]}
{[%emt 00:00:01]} 40. Nc3 {[%clk 00:06:00]} {[%emt 00:00:22]} Qc6 {[%clk
00:03:52]} {[%emt 00:00:30]} 41. Qb2 {[%clk 00:06:06]} {[%emt 00:00:24]} Qc4
{[%clk 00:03:34]} {[%emt 00:00:48]} 42. Nb5 {[%clk 00:06:03]} {[%emt 00:00:33]}
Bb8 {[%clk 00:03:01]} {[%emt 00:01:03]} 43. Na3 {[%clk 00:05:55]} {[%emt
00:00:37]} Qd3 {[%clk 00:03:07]} {[%emt 00:00:24]} 44. h4 {[%clk 00:05:29]}
{[%emt 00:00:57]} Qf5+ {[%clk 00:03:12]} {[%emt 00:00:26]} 45. Kg2 {[%clk
00:05:48]} {[%emt 00:00:10]} Qe4+ {[%clk 00:03:33]} {[%emt 00:00:09]} 46. Kf2
{[%clk 00:06:10]} {[%emt 00:00:08]} Qg4 {[%clk 00:03:51]} {[%emt 00:00:12]} 0-1